Регионална библиотека "Любен Каравелов" - Русе

Златното покритие | Изпити (Запис номер 122382)

MARC детайли
000 -Лидер
Контролно поле с фиксирана дължина 01450nam a2200337 a 4500
003 - Код на организацията, давaща контролен номер
Контролно поле BLK
005 - Дата и час на последна редакция
Контролно поле 20240319090851.0
008 - Елементи от данни с фиксирана дължина
fixed length control field 180409b bul|||||r ||||||| ||bul||
010 ## - Наследен системен номер
LC control number KNG00128019000
040 ## - Източник на каталожния запис
Идентификатор на билиотеката - собственик на записа BLK
041 ## - Код за език
Код за езика на текст/звукозапис или на отделно заглавие Български
Код за езика КДБФ Български
080 ## - УДК
Текстов определител УДК Българска литература
УДК код - определител по УДК 821.163.2
УДК определител -2
УДК - код + определител 821.163.2-2
100 ## - Редна дума - Автор
Автор Асенов, Драгомир
Автор - информация (биография) Меламед, Жак Нисим
Титли или други наименования, свързани с автора Писател. Работил в русенския в. "Дунавски отечествен фронт", един от основателите на "Дунавски културен фронт"
Дати, свързани с автора 1926 - 1981
R(LIN) 272757
139 ## - Редно поле
Редна дума Асенов, Драгомир
Авторски знак Ас - А 92
245 10 - Сведения за заглавието
Заглавие Златното покритие
Редно поле (дума) Драгомир Асенов; * Жак Нисим Меламед.
245 10 - Сведения за заглавието
Заглавие Изпити
Подзаглавни данни Пиеси
257 ## - Страна на издаване
Страна на създаване/издаване България
260 ## - Област на издателските данни
Име на издателя, разпространителя и проч. ОФ
Година на издаване 1974
Място на издаване, разпространение и проч. София
300 ## - Физическа характеристика
Страници 152 с.
Размери/Мащаб 21 см
380 ## - Жанр
Жанр Худож. лит.
500 ## - Общи забележки
Забележка Истинското име на авт. е Жак Нисим Меламед. - 2 000 тир.
700 1# - Други автори (авторска отговорност)
Лично име Меламед, Жак Нисим
Автороска отговорност (Описва отношението между автора и произведението) *
9 (RLIN) 272758
852 ## - Местоположение
Форматна сигнатура Цб 75250
Фондова буква Хранилище
856 4# - Електронен адрес и достъп
Електронен формат pdf - файл
856 4# - Електронен адрес и достъп
Електронен формат pdf - файл
999 ## - СИСТЕМНИ КОНТРОЛНИ НОМЕРА
Koha biblionumber 122382
Koha biblioitemnumber 122382
942 ## - АРТИКУЛИ
Вид на библиотечния материал Книги
Скрит в OPAC Не
Периодичен библиозапис Да
944 ## - СЪЗДАВАНЕ И РЕДАКЦИЯ на ЗАПИСА
Създаване/Редакция Създаване
Дата на регистрацията/редакция 28.02.2012
Статус, дата на статуса Моника Янева
Служител, извършил регистрацията/редакцията 30570
944 ## - СЪЗДАВАНЕ И РЕДАКЦИЯ на ЗАПИСА
Създаване/Редакция Редакция
Дата на регистрацията/редакция 28.02.2012
Статус, дата на статуса 28.02.2012 - от С1,Р / 28.02.2012
944 ## - СЪЗДАВАНЕ И РЕДАКЦИЯ на ЗАПИСА
Създаване/Редакция Редакция
Дата на регистрацията/редакция 2022-09-20
Статус, дата на статуса 2022-09-20
999 ## - СИСТЕМНИ КОНТРОЛНИ НОМЕРА
Koha biblioitemnumber 122382
Наличности
Код за отписване Код за изгубен артикул Източник на класификационната схема Код за повреда Коз за рестрикции Код за отдаване Артикулен № Име на библиотеката - собственик Име на библиотеката, в която се намира в момента Статус (Текущо местоположение) Дата на вписване в системата Местоположение - отдел Цена в лева Инвентарен номер Систематично азбучна сигнатура Баркод Номер на екземпляра Цена в евро Служебна бележка Служебен тип на артикула
  Не е изгубен Universal Decimal Classification Не е повреден само за читалня ползва се в читалня 197930 Регионална библиотека "Любен Каравелов" Русе Регионална библиотека "Любен Каравелов" Русе Хранилище 1974-01-01 Хранилище 0.96 181541 Цб 75250 120000181541 1 0.49 N: стар фонд Дата: 01.01.1974 Книги
Изтеглен Не е изгубен Universal Decimal Classification Не е повреден само за читалня заемане за дома 197931 Регионална библиотека "Любен Каравелов" Русе Регионална библиотека "Любен Каравелов" Русе Заемна - подръчен фонд 1974-01-01 Заемна - подръчен фонд 0.00 180836 П 886.7-2/А 92 180836 2 0.00 N: стар фонд Дата: 01.01.1974 Книги
Изтеглен Не е изгубен Universal Decimal Classification Не е повреден без рестрикции заемане за дома 197932 Регионална библиотека "Любен Каравелов" Русе Регионална библиотека "Любен Каравелов" Русе Заемна - подръчен фонд 1974-01-01 Заемна - подръчен фонд 0.96 180838 П 886.7-2/А 92 180838 3 0.49 N: стар фонд Дата: 01.01.1974 Дата инв: 14.02.2018 Бележки инв: П2018 Книги
Vip Innovations Ltd, Rousse, Bulgaria 2025